| 000 | 00568nam a22001817a 4500 | ||
|---|---|---|---|
| 003 | OSt | ||
| 005 | 20250822021736.0 | ||
| 008 | 250822b |||||||| |||| 00| 0 eng d | ||
| 020 | _a0-8478-2215-X. | ||
| 040 |
_aDWC-Main Lib. _cOC |
||
| 100 | _aSODAMIN, RUDOLF | ||
| 245 |
_aSeduction and spice : _b130 recipes for romance _cSODAMIN, RUDOLF |
||
| 260 |
_aNew York : _bRizzoli International Publication, _cc2005. |
||
| 300 |
_a194 pages : _bcolored illustrations ; _c25cm. |
||
| 504 | _aIncludes index. | ||
| 650 | _aCooking. | ||
| 942 |
_2ddc _cBK-CIRC _hCirc. _n0 |
||
| 999 |
_c4146 _d4146 |
||